[Event "IV Open"]
[Site "Genova ITA"]
[Date "2000.08.13"]
[Round "8"]
[White "Grigore, George-Gabriel"]
[Black "Ausmins, Elmar"]
[Result "1-0"]
[WhiteElo "2508"]
[BlackElo "2324"]
[PlyCount "123"]
[EventDate "2000.08.07"]

1. d4 Nf6 2. c4 e6 3. Nc3 d5 4. cxd5 exd5 5. Bg5 Nbd7 6. e3 c6 7. Bd3 Be7 8.
Qc2 O-O 9. Nf3 Re8 10. O-O Nf8 11. h3 Ne4 12. Bf4 Nxc3 13. bxc3 Bd6 14. Bxd6
Qxd6 15. c4 dxc4 16. Bxc4 Be6 17. Rfc1 Bd5 18. Bxd5 Qxd5 19. Rab1 Re7 20. Rb4
Rc8 21. Nd2 Ne6 22. Qb3 Qxb3 23. Nxb3 Rd7 24. a4 g6 25. a5 Rcc7 26. f3 f5 27.
Kf2 Rd5 28. Rc3 Kf7 29. e4 Rdd7 30. Ke3 Kf6 31. Rbc4 a6 32. Nc5 Nxc5 33. Rxc5
fxe4 34. fxe4 Ke6 35. Rc1 Kd6 36. h4 Rf7 37. d5 Rfe7 38. Kd4 Re5 39. dxc6 Rxc5
40. Rxc5 bxc6 41. h5 Rb7 42. hxg6 hxg6 43. Rg5 Rb4+ 44. Ke3 Rb5 45. Rxg6+ Kd7
46. g4 Rxa5 47. g5 Ra1 48. Kd4 a5 49. Ke5 a4 50. Rg7+ Ke8 51. Rc7 a3 52. Rxc6
a2 53. Rc2 Kf7 54. Rf2+ Kg6 55. Kf4 Kg7 56. Kf5 Kf7 57. g6+ Kg7 58. e5 Rg1 59.
Rxa2 Rf1+ 60. Ke6 Rg1 61. Rd2 Rxg6+ 62. Kd7 1-0

[Event "IV Open"]
[Site "Genova ITA"]
[Date "2000.08.13"]
[Round "8"]
[White "Lettich, Sergio"]
[Black "Corti, Corrado"]
[Result "1/2-1/2"]
[WhiteElo "2078"]
[BlackElo "1789"]
[PlyCount "44"]
[EventDate "2000.08.07"]

1. d4 d5 2. c4 e6 3. Nc3 Nf6 4. Bg5 Be7 5. e3 O-O 6. Nf3 Nbd7 7. Bd3 dxc4 8.
Bxc4 b6 9. Rc1 Bb7 10. O-O Rc8 11. Qe2 c5 12. Bd3 Re8 13. Rfe1 h6 14. Bh4 Nd5
15. Bg3 N7f6 16. h3 Bd6 17. Bxd6 Qxd6 18. dxc5 Rxc5 19. Nb5 Qb8 20. Rxc5 bxc5
21. Rc1 Rc8 22. Na3 Nb4 1/2-1/2

[Event "IV Open"]
[Site "Genova ITA"]
[Date "2000.08.13"]
[Round "8"]
[White "Strazzeri, Marco"]
[Black "Bernago, Federico"]
[Result "0-1"]
[WhiteElo "1756"]
[BlackElo "2075"]
[PlyCount "36"]
[EventDate "2000.08.07"]

1. e4 c5 2. c3 d5 3. exd5 Qxd5 4. d4 e5 5. Nf3 Nc6 6. Nbd2 exd4 7. Bc4 Qd8 8.
cxd4 cxd4 9. O-O Be7 10. Nb3 Bg4 11. Re1 Nf6 12. Bb5 Bxf3 13. Qxf3 O-O 14. Bxc6
bxc6 15. Nxd4 Qxd4 16. Rxe7 Rae8 17. Rxe8 Rxe8 18. Rb1 Re1# 0-1

[Event "IV Open"]
[Site "Genova ITA"]
[Date "2000.08.13"]
[Round "9"]
[White "Banikas, Hristos"]
[Black "Grigore, George-Gabriel"]
[Result "1/2-1/2"]
[WhiteElo "2542"]
[BlackElo "2508"]
[PlyCount "44"]
[EventDate "2000.08.07"]

1. d4 Nf6 2. c4 g6 3. Nc3 Bg7 4. e4 d6 5. f4 c5 6. d5 O-O 7. Nf3 e6 8. Be2 exd5
9. cxd5 Re8 10. e5 dxe5 11. fxe5 Ng4 12. Bg5 Qb6 13. O-O Nxe5 14. Nxe5 Rxe5 15.
Qd2 Bf5 16. Rae1 Nd7 17. d6 c4+ 18. Kh1 Qc5 19. Bf4 Rd8 20. Bxe5 Nxe5 21. Qf4
Qxd6 22. Bxc4 Nxc4 1/2-1/2

[Event "IV Open"]
[Site "Genova ITA"]
[Date "2000.08.13"]
[Round "9"]
[White "Berni, Mauro"]
[Black "Chilingirova, Pavlina"]
[Result "0-1"]
[WhiteElo "2058"]
[BlackElo "2269"]
[PlyCount "76"]
[EventDate "2000.08.07"]

1. c4 c5 2. Nc3 Nc6 3. g3 g6 4. Bg2 Bg7 5. Nf3 Nh6 6. d3 Nf5 7. Bd2 b6 8. Rb1
Bb7 9. a3 d6 10. b4 O-O 11. O-O Qd7 12. b5 Ncd4 13. e3 Nxf3+ 14. Bxf3 Bxf3 15.
Qxf3 e6 16. Rfd1 Rfd8 17. g4 Ne7 18. Ne4 f5 19. Ng3 fxg4 20. Qxg4 Nf5 21. e4
Nd4 22. Be3 Rf8 23. Bxd4 Bxd4 24. Rd2 Rf7 25. Kg2 Raf8 26. Rf1 Rf4 27. Qg5 Qg7
28. Nh1 Be3 29. fxe3 Rxf1 30. Nf2 Rb1 31. Ng4 h5 32. Nf2 Kh7 33. Nh3 Rb2 34.
Rxb2 Qxb2+ 35. Kg3 Qe2 36. Qe7+ Kg8 37. Qxe6+ Kg7 38. Qxd6 Qg4# 0-1

[Event "IV Open"]
[Site "Genova ITA"]
[Date "2000.08.13"]
[Round "9"]
[White "Corti, Corrado"]
[Black "De Santis, Alessio"]
[Result "0-1"]
[WhiteElo "1789"]
[BlackElo "2309"]
[PlyCount "66"]
[EventDate "2000.08.07"]

1. e4 c5 2. Nf3 e6 3. d4 cxd4 4. Nxd4 Nc6 5. Be2 Qc7 6. Nxc6 bxc6 7. O-O Nf6 8.
Nd2 d5 9. exd5 cxd5 10. b3 Bd6 11. h3 O-O 12. Bb2 e5 13. Rc1 Qa5 14. c4 d4 15.
Qc2 Bb7 16. c5 Rac8 17. Nc4 Qxc5 18. Ba3 Qd5 19. Bf3 e4 20. Bxd6 exf3 21. Rfe1
d3 22. Qd2 Ne4 23. Rxe4 Qxe4 24. Bxf8 Rxf8 25. Qe3 Qg6 26. g3 Qh5 27. Nd2 Qxh3
28. Nxf3 Qh5 29. Nh2 Qh3 30. Nf3 d2 31. Rd1 Qh5 32. Kg2 g5 33. Rxd2 g4 0-1

[Event "IV Open"]
[Site "Genova ITA"]
[Date "2000.08.13"]
[Round "9"]
[White "Dervishi, Erald"]
[Black "Guido, Flavio"]
[Result "1-0"]
[WhiteElo "2478"]
[BlackElo "2303"]
[PlyCount "59"]
[EventDate "2000.08.07"]

1. e4 c5 2. Nf3 e6 3. d4 cxd4 4. Nxd4 Nf6 5. Nc3 d6 6. Be2 a6 7. a4 Be7 8. O-O
O-O 9. Kh1 b6 10. f4 Bb7 11. Bf3 Qc7 12. f5 e5 13. Nde2 Rd8 14. g4 d5 15. exd5
e4 16. Nxe4 Nxd5 17. Qe1 Qxc2 18. f6 Bb4 19. Qh4 Nd7 20. N2g3 g6 21. Bh6 Qb3
22. Bg7 Ne3 23. Ng5 Bxf3+ 24. Rxf3 h5 25. Rxe3 Qxe3 26. gxh5 Rac8 27. hxg6 Rc1+
28. Rxc1 Qxc1+ 29. Kg2 Qc2+ 30. Kh3 1-0

[Event "IV Open"]
[Site "Genova ITA"]
[Date "2000.08.13"]
[Round "9"]
[White "Faccia, Sergio"]
[Black "Djingarova, Emilia"]
[Result "1/2-1/2"]
[WhiteElo "2043"]
[BlackElo "2263"]
[PlyCount "90"]
[EventDate "2000.08.07"]

1. e4 c5 2. c4 Nc6 3. Nf3 Nd4 4. Be2 g6 5. O-O Bg7 6. Nxd4 Bxd4 7. Nc3 a6 8. d3
e6 9. Kh1 Bg7 10. Be3 d6 11. Qd2 Ne7 12. Bh6 O-O 13. Bxg7 Kxg7 14. d4 Qc7 15.
f4 f5 16. Bf3 cxd4 17. Qxd4+ e5 18. fxe5 dxe5 19. Qd3 Be6 20. Nd5 Qd6 21. Qc3
Nc6 22. c5 Qd8 23. Nb6 f4 24. Nxa8 Qxa8 25. Be2 Nd4 26. Bf3 Qe8 27. Rad1 Bxa2
28. Rxd4 exd4 29. Qxd4+ Kg8 30. e5 Qf7 31. Rd1 Be6 32. Qb4 Qe7 33. Qb6 Bc4 34.
Qd6 Re8 35. Re1 Qf7 36. h3 Be6 37. b4 Qe7 38. Bd5 Kg7 39. Bxe6 Qxe6 40. Rd1
Qxe5 41. Qxe5+ Rxe5 42. Rd7+ Kf6 43. Rxb7 a5 44. c6 axb4 45. Rxb4 Rc5 1/2-1/2

[Event "IV Open"]
[Site "Genova ITA"]
[Date "2000.08.13"]
[Round "9"]
[White "Mollero, Michele"]
[Black "Caposciutti, Maurizio"]
[Result "0-1"]
[WhiteElo "2101"]
[BlackElo "2316"]
[PlyCount "118"]
[EventDate "2000.08.07"]

1. d4 e6 2. e4 c5 3. c3 Nf6 4. e5 Nd5 5. Nf3 cxd4 6. cxd4 b6 7. Nc3 Nxc3 8.
bxc3 Qc7 9. Bd2 Bb7 10. Bd3 d6 11. O-O Nd7 12. Bf4 dxe5 13. Nxe5 Nxe5 14. Bxe5
Bd6 15. f4 O-O-O 16. Qe2 Kb8 17. Rfc1 f6 18. Bxd6 Qxd6 19. Bb5 Qxf4 20. Qxe6
Bxg2 21. Kxg2 Qg5+ 22. Kh1 Qxb5 23. Rab1 Rhe8 24. Rxb5 Rxe6 25. a4 Rc6 26. d5
Rc4 27. a5 Kb7 28. axb6 axb6 29. Re1 Ka6 30. Rb3 Rxd5 31. Re6 Rb5 32. Ra3+ Ra5
33. Rb3 Rb5 34. Ra3+ Kb7 35. Re7+ Rc7 36. Ra7+ Kxa7 37. Rxc7+ Ka6 38. Rxg7 h5
39. Rg3 Rf5 40. Rg1 Kb5 41. Rb1+ Kc5 42. Kg2 Rf4 43. Rb3 b5 44. Kg3 Rg4+ 45.
Kf3 f5 46. h3 Ra4 47. Ke3 Rh4 48. Kf3 Rxh3+ 49. Kf4 h4 50. Kxf5 Rd3 51. Ke4 Rg3
52. Kf4 Rg8 53. Ke3 h3 54. Rb1 Rg3+ 55. Kd2 h2 56. Rh1 Rh3 57. Kc2 Kc4 58. Kb2
Kd3 59. Kb3 Rh4 0-1

[Event "IV Open"]
[Site "Genova ITA"]
[Date "2000.08.13"]
[Round "9"]
[White "Orsenigo, Davide"]
[Black "Carbone, Lorenzo"]
[Result "1-0"]
[WhiteElo "1413"]
[BlackElo "1584"]
[PlyCount "87"]
[EventDate "2000.08.07"]

1. e4 c5 2. Nf3 d6 3. d4 cxd4 4. Nxd4 Nf6 5. Nc3 a6 6. f3 e6 7. Be3 Be7 8. Qd2
Bd7 9. O-O-O Nc6 10. Be2 Qc7 11. g4 h6 12. h4 Qa5 13. Nb3 Qc7 14. g5 Ng8 15.
Rdg1 Ne5 16. Qd4 Bf8 17. f4 Nc6 18. Qd2 g6 19. h5 Nce7 20. hxg6 Nxg6 21. f5 Ne5
22. gxh6 Nc4 23. Qd4 Ne5 24. h7 Nf6 25. Bg5 Be7 26. Bxf6 Bxf6 27. fxe6 Bxe6 28.
Qf2 Ke7 29. Nd4 Raf8 30. Rd1 Rc8 31. Nf5+ Kf8 32. Nxd6 Bg5+ 33. Kb1 Rd8 34. Qd4
Bf6 35. Qb4 Be7 36. Nxb7 Bxb4 37. Rxd8+ Qxd8 38. Nxd8 Ke7 39. Nxe6 fxe6 40.
Bxa6 Ng4 41. Ne2 e5 42. Ng3 Bd2 43. Nf5+ Kf6 44. Bc4 1-0

[Event "IV Open"]
[Site "Genova ITA"]
[Date "2000.08.13"]
[Round "9"]
[White "Romano, Tito"]
[Black "Bernasconi, Roberto"]
[Result "1/2-1/2"]
[WhiteElo "1805"]
[BlackElo "1491"]
[PlyCount "72"]
[EventDate "2000.08.07"]

1. e4 e5 2. g3 Nf6 3. Bg2 Nc6 4. Nc3 Be7 5. Nf3 d6 6. h3 Be6 7. O-O O-O 8. d3
h6 9. Kh2 Qd7 10. d4 exd4 11. Nxd4 Nxd4 12. Qxd4 c6 13. Be3 Qc7 14. Rad1 Rfd8
15. Qd2 Kh7 16. f4 b6 17. Qe2 Bf8 18. f5 Bd7 19. Bf4 Be8 20. g4 Nd7 21. g5 Ne5
22. gxh6 gxh6 23. Bxe5 dxe5 24. f6 Rxd1 25. Nxd1 Bd7 26. Qh5 Be6 27. Bf3 Bc5
28. b4 Bxb4 29. Rg1 Rg8 30. Rxg8 Kxg8 31. Qxh6 Bf8 32. Qg5+ Kh7 33. Bg4 Qd6 34.
Bf5+ Bxf5 35. Qxf5+ Kg8 36. Qg5+ Kh7 1/2-1/2

[Event "IV Open"]
[Site "Genova ITA"]
[Date "2000.08.13"]
[Round "9"]
[White "Siemes, Robert"]
[Black "Barberi, Alessandro"]
[Result "1-0"]
[WhiteElo "2106"]
[BlackElo "2113"]
[PlyCount "131"]
[EventDate "2000.08.07"]

1. e4 c5 2. Nf3 d6 3. d4 cxd4 4. Nxd4 Nf6 5. Nc3 g6 6. Be3 Bg7 7. f3 O-O 8. Qd2
Nc6 9. O-O-O Nxd4 10. Bxd4 Be6 11. h4 Qa5 12. a3 Rfc8 13. h5 Nxh5 14. Bxg7 Kxg7
15. g4 Nf6 16. Qh6+ Kg8 17. Bd3 Rxc3 18. bxc3 Qxc3 19. e5 Qxa3+ 20. Kd2 Qa5+
21. Kc1 Qa1+ 22. Kd2 Qa5+ 23. Kc1 Qxe5 24. g5 Qf4+ 25. Rd2 Qa4 26. Re2 Qa3+ 27.
Kd2 Qa5+ 28. Ke3 Qe5+ 29. Kf2 Qf4 30. gxf6 Qxh6 31. Rxh6 exf6 32. Ke3 Kg7 33.
Reh2 Rh8 34. Rh1 f5 35. Kd4 a6 36. Bc4 b5 37. Bd5 a5 38. c3 Bd7 39. Bb7 Be6 40.
Bc6 b4 41. cxb4 axb4 42. Bd5 b3 43. Bxe6 fxe6 44. Kc3 b2 45. Kxb2 Kf6 46. Kc3
Kg5 47. Kd3 Kf4 48. Ke2 Ra8 49. R6h4+ Kg3 50. R1h3+ Kg2 51. Rxh7 Ra2+ 52. Ke3
Ra3+ 53. Kf4 e5+ 54. Kg5 Rxf3 55. Rh2+ Kg1 56. Kxg6 e4 57. Rh1+ Kf2 58. R7h2+
Ke3 59. Rd1 Rf2 60. Rh3+ Ke2 61. Rxd6 f4 62. Kf5 e3 63. Ke4 Kf1 64. Rh1+ Ke2
65. Ra6 Kd2 66. Ra2+ 1-0

[Event "IV Open"]
[Site "Genova ITA"]
[Date "2000.08.14"]
[Round "10"]
[White "Banikas, Hristos"]
[Black "Siemes, Robert"]
[Result "1-0"]
[WhiteElo "2542"]
[BlackElo "2106"]
[PlyCount "49"]
[EventDate "2000.08.07"]

1. d4 Nf6 2. c4 g6 3. Nc3 Bg7 4. e4 d6 5. f4 O-O 6. Nf3 Na6 7. Bd3 e5 8. fxe5
dxe5 9. d5 Nh5 10. O-O h6 11. Rb1 Nf4 12. b4 c5 13. a3 Nxd3 14. Qxd3 f5 15. d6
Be6 16. Be3 Rc8 17. Nd5 fxe4 18. Ne7+ Qxe7 19. dxe7 exd3 20. exf8=Q+ Rxf8 21.
bxc5 Rc8 22. Rxb7 Nxc5 23. Re7 Bxc4 24. Nd2 Bd5 25. Rc1 1-0

[Event "IV Open"]
[Site "Genova ITA"]
[Date "2000.08.14"]
[Round "10"]
[White "Barberi, Alessandro"]
[Black "Djingarova, Emilia"]
[Result "0-1"]
[WhiteElo "2113"]
[BlackElo "2263"]
[PlyCount "62"]
[EventDate "2000.08.07"]

1. d4 c5 2. d5 e5 3. e4 d6 4. Bb5+ Nd7 5. a4 Be7 6. b3 Bg5 7. Nd2 Qe7 8. Ngf3
Bh6 9. Bb2 Ngf6 10. Qe2 O-O 11. g3 g6 12. O-O Nh5 13. Bd3 f5 14. Nc4 fxe4 15.
Bxe4 Ndf6 16. Nfd2 Bh3 17. Rfe1 Bg4 18. Qf1 Bxd2 19. Nxd2 Nxe4 20. Nxe4 Rf7 21.
Bc1 Raf8 22. c3 Rf3 23. Bg5 Qd7 24. Re3 Qf5 25. Rae1 Rxe3 26. Rxe3 Bf3 27. Nd2
Bxd5 28. Be7 Nf4 29. gxf4 exf4 30. Rf3 Re8 31. Qd3 Bxf3 0-1

[Event "IV Open"]
[Site "Genova ITA"]
[Date "2000.08.14"]
[Round "10"]
[White "Bernasconi, Roberto"]
[Black "Corti, Corrado"]
[Result "1/2-1/2"]
[WhiteElo "1491"]
[BlackElo "1789"]
[PlyCount "82"]
[EventDate "2000.08.07"]

1. e4 g6 2. d4 d6 3. c4 Bg7 4. Nc3 Nf6 5. Nf3 O-O 6. Be2 Nbd7 7. O-O c5 8. d5
Nb6 9. h3 a6 10. Be3 Nbd7 11. a4 b6 12. Qd2 Bb7 13. Bh6 Ne8 14. Bd3 Ne5 15.
Nxe5 dxe5 16. Bxg7 Kxg7 17. f4 exf4 18. Qxf4 Kg8 19. e5 Ng7 20. Qh4 e6 21. Qxd8
Raxd8 22. Be4 exd5 23. Bxd5 Bc8 24. Rf6 Be6 25. g4 Ne8 26. Rf3 Nc7 27. Rd1 Rfe8
28. Re3 Kg7 29. Kh2 Re7 30. Rd2 Red7 31. Red3 b5 32. axb5 axb5 33. b3 Bxd5 34.
Nxd5 Nxd5 35. Rxd5 Rxd5 36. cxd5 c4 37. bxc4 bxc4 38. d6 c3 39. Rc2 f6 40.
exf6+ Kxf6 41. Rxc3 Rxd6 1/2-1/2

[Event "IV Open"]
[Site "Genova ITA"]
[Date "2000.08.14"]
[Round "10"]
[White "Bertazzo, Giorgio"]
[Black "Blum, Gernot"]
[Result "0-1"]
[WhiteElo "2067"]
[BlackElo "2171"]
[PlyCount "96"]
[EventDate "2000.08.07"]

1. e4 c5 2. Nf3 g6 3. d4 cxd4 4. Nxd4 Nc6 5. Bc4 Bg7 6. Nxc6 bxc6 7. Nc3 d6 8.
O-O a5 9. Re1 Nh6 10. h3 O-O 11. Be3 Be6 12. Bb3 Kh8 13. Bd4 Qd7 14. Bxg7+ Kxg7
15. Qd4+ f6 16. Na4 Bf7 17. Rad1 Qb7 18. Bxf7 Nxf7 19. b3 Rfd8 20. c4 Qb4 21.
Qc3 Rab8 22. Rd2 Ng5 23. f3 Ne6 24. Qxb4 axb4 25. Red1 c5 26. Rf1 Nd4 27. Rdf2
g5 28. g3 Kf7 29. Kh2 Rg8 30. f4 gxf4 31. Rxf4 Rg7 32. g4 Ke6 33. R4f2 Nc6 34.
Nb2 Ne5 35. Na4 Kd7 36. Rf5 Kc6 37. R5f2 Ra8 38. Rd1 Nxc4 39. Nxc5 Ne3 40. Re1
Nxg4+ 41. hxg4 dxc5 42. e5 Rg6 43. exf6 exf6 44. Kh3 Rd8 45. Re7 Rd3+ 46. Kh2
Rd7 47. Re4 Rd4 48. Re7 h5 0-1

[Event "IV Open"]
[Site "Genova ITA"]
[Date "2000.08.14"]
[Round "10"]
[White "Cammarota, Vittorio"]
[Black "Orsenigo, Davide"]
[Result "1-0"]
[WhiteElo "1690"]
[BlackElo "1413"]
[PlyCount "129"]
[EventDate "2000.08.07"]

1. d4 Nf6 2. Nf3 g6 3. Bf4 Bg7 4. e3 O-O 5. Be2 d6 6. h3 Nbd7 7. O-O c5 8. c3
b6 9. Nbd2 Bb7 10. a4 Qc7 11. Nc4 Rfc8 12. Rc1 Qd8 13. Bd3 a6 14. Na3 Ne8 15.
Bb1 Nc7 16. Qd3 Nf6 17. Qe2 Nd7 18. e4 Ne6 19. Be3 Qc7 20. d5 Nef8 21. c4 e6
22. Rfe1 e5 23. g4 Nf6 24. Nh4 N8d7 25. Rc3 Rab8 26. Qd2 Bh8 27. Kh2 Re8 28.
Bh6 Bc8 29. Rg1 Qd8 30. Ng2 Bb7 31. Rg3 Bg7 32. h4 Rf8 33. Bg5 Qe8 34. Bh6 Qd8
35. Rh1 Rc8 36. Kg1 Qe7 37. Bxg7 Kxg7 38. h5 Ng8 39. Rgh3 g5 40. h6+ Kh8 41.
Rh5 f6 42. Ne3 Rf7 43. Nf5 Qf8 44. b4 Nb8 45. b5 a5 46. Nc2 Qd8 47. Nce3 Rcc7
48. Ng7 Rcd7 49. Ne6 Qe7 50. Nf5 Qe8 51. Qd3 Ne7 52. Nfg7 Qg8 53. R5h3 Bc8 54.
Rf3 Bb7 55. Rhh3 Bc8 56. Nxg5 fxg5 57. Rxf7 Qxf7 58. Rf3 Qg8 59. Rf6 Ng6 60.
Ne6 Re7 61. Nxg5 Nf4 62. Rxf4 exf4 63. Nf3 Bxg4 64. Qc3+ Re5 65. Nxe5 1-0

[Event "IV Open"]
[Site "Genova ITA"]
[Date "2000.08.14"]
[Round "10"]
[White "Di Paolo, Raffaele"]
[Black "Volpi, Davide"]
[Result "1-0"]
[WhiteElo "2295"]
[BlackElo "1753"]
[PlyCount "57"]
[EventDate "2000.08.07"]

1. e4 d6 2. d4 Nf6 3. Nc3 g6 4. Be3 Bg7 5. f3 O-O 6. g4 e5 7. d5 c6 8. g5 Nh5
9. Nge2 f5 10. gxf6 Qxf6 11. Qd2 c5 12. O-O-O Qxf3 13. Rg1 Qf7 14. Ng3 Nf4 15.
Be2 Bh3 16. Bf1 Bg4 17. Be2 Bh3 18. Bf1 Bg4 19. Nge2 Bf3 20. Rg3 Nd7 21. Rxf3
Nd3+ 22. cxd3 Qxf3 23. Ng3 Nf6 24. Bg5 h6 25. Be2 Qg2 26. Bxh6 Qxh2 27. Bxg7
Kxg7 28. Qg5 Qh6 29. Nf5+ 1-0

[Event "IV Open"]
[Site "Genova ITA"]
[Date "2000.08.14"]
[Round "10"]
[White "Lettich, Sergio"]
[Black "De Santis, Alessio"]
[Result "0-1"]
[WhiteElo "2078"]
[BlackElo "2309"]
[PlyCount "52"]
[EventDate "2000.08.07"]

1. d4 d6 2. c4 f5 3. Nf3 Nf6 4. Nc3 g6 5. g3 Bg7 6. Bg2 O-O 7. O-O Qe8 8. Nb5
Na6 9. d5 c6 10. Nc3 Nc7 11. dxc6 bxc6 12. Nd4 Bd7 13. h3 Rb8 14. Nb3 h6 15.
Be3 g5 16. Bxa7 Rb7 17. Bd4 e5 18. Be3 f4 19. Bc1 Qh5 20. g4 Bxg4 21. f3 Bxh3
22. Qxd6 g4 23. fxg4 Nxg4 24. Qxc6 Rb6 25. Qxb6 Bxg2 26. Kxg2 Qh2+ 0-1

[Event "IV Open"]
[Site "Genova ITA"]
[Date "2000.08.14"]
[Round "10"]
[White "Nikolaidis, Ioannis"]
[Black "Grigore, George-Gabriel"]
[Result "1/2-1/2"]
[WhiteElo "2512"]
[BlackElo "2508"]
[PlyCount "20"]
[EventDate "2000.08.07"]

1. d4 Nf6 2. c4 g6 3. Nc3 Bg7 4. e4 d6 5. Bg5 O-O 6. Qd2 c5 7. d5 b5 8. cxb5 a6
9. bxa6 Qa5 10. f3 Nbd7 1/2-1/2

[Event "IV Open"]
[Site "Genova ITA"]
[Date "2000.08.15"]
[Round "11"]
[White "Blum, Gernot"]
[Black "Fattorelli, Luciano"]
[Result "1-0"]
[WhiteElo "2171"]
[BlackElo "1816"]
[PlyCount "65"]
[EventDate "2000.08.07"]

1. c4 e5 2. a3 d6 3. Nc3 g6 4. d4 Nd7 5. Nf3 Bg7 6. Bg5 f6 7. Bh4 Ne7 8. dxe5
dxe5 9. e4 O-O 10. Be2 a5 11. O-O Nc5 12. Qc2 c6 13. b4 axb4 14. axb4 Rxa1 15.
Rxa1 Na6 16. c5 Nc7 17. Rd1 Qe8 18. Qd2 Qf7 19. Qd6 Ne8 20. Qd8 Be6 21. Nxe5
fxe5 22. Qxe7 Qxe7 23. Bxe7 Rf7 24. Bg5 h6 25. Be3 g5 26. Rd8 Re7 27. Bh5 Bf7
28. Bg4 Bf8 29. Rb8 Nf6 30. Bf5 Bc4 31. h4 Rg7 32. Bc8 Ba6 33. Be6+ 1-0

[Event "IV Open"]
[Site "Genova ITA"]
[Date "2000.08.15"]
[Round "11"]
[White "Calabrese, Antonino"]
[Black "Bernasconi, Roberto"]
[Result "0-1"]
[WhiteElo "2037"]
[BlackElo "1491"]
[PlyCount "71"]
[EventDate "2000.08.07"]

1. e4 e5 2. Nf3 Nf6 3. Nxe5 d6 4. Nxf7 Kxf7 5. d4 Be7 6. Bc4+ Be6 7. Bxe6+ Kxe6
8. Qf3 Qd7 9. Qb3+ d5 10. e5 Ne8 11. f4 Kf7 12. f5 Kg8 13. e6 Qc6 14. Nc3 Nf6
15. Bg5 h6 16. Bxf6 Bxf6 17. Nxd5 Kh7 18. Nxf6+ gxf6 19. d5 Qb6 20. Qc3 Rf8 21.
O-O-O Na6 22. Rhe1 Rae8 23. e7 Rf7 24. Re6 Qf2 25. Rxf6 Rexe7 26. d6 cxd6 27.
Rfxd6 Qxf5 28. Rd8 Rg7 29. g3 Qg5+ 30. Kb1 Rc7 31. Qd3+ Qg6 32. Qb3 Nc5 33. Qa3
Ne6 34. R8d2 Nd4 35. Qa4 Nc6 36. Rd6 0-1

[Event "IV Open"]
[Site "Genova ITA"]
[Date "2000.08.15"]
[Round "11"]
[White "Caposciutti, Maurizio"]
[Black "Banikas, Hristos"]
[Result "1/2-1/2"]
[WhiteElo "2316"]
[BlackElo "2542"]
[PlyCount "26"]
[EventDate "2000.08.07"]

1. Nf3 c5 2. c4 Nc6 3. d4 cxd4 4. Nxd4 Nf6 5. Nc3 Qb6 6. Nb3 e6 7. g3 Ne5 8. e4
Bb4 9. Qe2 Qc6 10. f4 Nxe4 11. Bg2 Bxc3+ 12. bxc3 Nxc3 13. Qf1 Qd6 1/2-1/2

[Event "IV Open"]
[Site "Genova ITA"]
[Date "2000.08.15"]
[Round "11"]
[White "Corti, Corrado"]
[Black "Pasquotto, Mirko"]
[Result "1-0"]
[WhiteElo "1789"]
[BlackElo "1500"]
[PlyCount "57"]
[EventDate "2000.08.07"]

1. e4 c5 2. Nf3 d6 3. d4 cxd4 4. Nxd4 Nf6 5. Nc3 a6 6. Bg5 e6 7. Qd2 Be7 8.
O-O-O O-O 9. Be2 Qc7 10. f4 b5 11. Bf3 Bb7 12. Bxf6 Bxf6 13. Kb1 Be7 14. g4 Nd7
15. f5 e5 16. Nde2 Nb6 17. h4 Rac8 18. g5 b4 19. Nd5 Bxd5 20. exd5 Nc4 21. Qd3
a5 22. Be4 a4 23. f6 Bd8 24. Bxh7+ Kh8 25. Bf5 Rb8 26. fxg7+ Kxg7 27. g6 f6 28.
h5 Rh8 29. h6+ 1-0

[Event "IV Open"]
[Site "Genova ITA"]
[Date "2000.08.15"]
[Round "11"]
[White "De Santis, Alessio"]
[Black "Di Paolo, Raffaele"]
[Result "1/2-1/2"]
[WhiteElo "2309"]
[BlackElo "2295"]
[PlyCount "52"]
[EventDate "2000.08.07"]

1. d4 Nf6 2. c4 g6 3. Nc3 Bg7 4. e4 d6 5. f3 O-O 6. Be3 Nc6 7. Nge2 a6 8. Qd2
Rb8 9. Rb1 Bd7 10. b4 b5 11. cxb5 axb5 12. h4 h5 13. Nc1 e5 14. d5 Ne7 15. Nb3
Nh7 16. Be2 f5 17. Rc1 Qe8 18. Na5 f4 19. Bf2 g5 20. hxg5 Nxg5 21. Qd3 Qg6 22.
Bd1 Nf7 23. Qf1 Ng5 24. Qd3 Nh7 25. Bb3 Kh8 26. Ke2 Bf6 1/2-1/2

[Event "IV Open"]
[Site "Genova ITA"]
[Date "2000.08.15"]
[Round "11"]
[White "Grigore, George-Gabriel"]
[Black "Lanzani, Mario"]
[Result "1/2-1/2"]
[WhiteElo "2508"]
[BlackElo "2419"]
[PlyCount "49"]
[EventDate "2000.08.07"]

1. d4 Nf6 2. c4 e6 3. Nc3 Bb4 4. Qc2 O-O 5. a3 Bxc3+ 6. Qxc3 b6 7. g3 Bb7 8.
Nf3 c5 9. dxc5 bxc5 10. Bg2 d6 11. O-O a5 12. Rd1 Qe7 13. Bg5 Rd8 14. b4 axb4
15. axb4 cxb4 16. Qxb4 Na6 17. Bxf6 gxf6 18. Qd2 Nc5 19. Rxa8 Bxa8 20. Nh4 Bxg2
21. Nxg2 Ne4 22. Qd4 f5 23. Nf4 Rc8 24. f3 Nf6 25. Qxd6 1/2-1/2

[Event "IV Open"]
[Site "Genova ITA"]
[Date "2000.08.15"]
[Round "11"]
[White "Mercandelli, Claudio"]
[Black "Guastadini, Paolo"]
[Result "1-0"]
[WhiteElo "1665"]
[BlackElo "1711"]
[PlyCount "61"]
[EventDate "2000.08.07"]

1. d4 g6 2. c4 Bg7 3. Nc3 d6 4. Nf3 Nd7 5. g3 Ngf6 6. Bg2 O-O 7. O-O c5 8. d5
Rb8 9. h3 a6 10. a4 b6 11. Qc2 Ne8 12. e4 Nc7 13. Nd2 b5 14. a5 bxc4 15. Nxc4
Nb5 16. Ne2 Nd4 17. Nxd4 Bxd4 18. Bh6 Re8 19. Rad1 f6 20. Rxd4 cxd4 21. f4 Rb4
22. e5 Qc7 23. Rc1 Bb7 24. e6 Nf8 25. f5 g5 26. Qe2 Nxe6 27. fxe6 Bxd5 28. Bxd5
Qc5 29. Qh5 d3+ 30. Kf1 Rf8 31. Bxf8 1-0

[Event "IV Open"]
[Site "Genova ITA"]
[Date "2000.08.15"]
[Round "11"]
[White "Mollero, Michele"]
[Black "Faccia, Sergio"]
[Result "1-0"]
[WhiteElo "2101"]
[BlackElo "2043"]
[PlyCount "71"]
[EventDate "2000.08.07"]

1. d4 Nf6 2. c4 c5 3. Nf3 cxd4 4. Nxd4 e5 5. Nb5 d5 6. cxd5 a6 7. N5c3 Qa5 8.
g3 Bb4 9. Bg2 Bf5 10. O-O e4 11. Bg5 Nbd7 12. a3 O-O 13. axb4 Qxa1 14. Qb3 a5
15. Na3 Qxf1+ 16. Bxf1 axb4 17. Qxb4 h6 18. Bf4 g5 19. Bd6 Rfc8 20. Qd4 b5 21.
Bg2 Ne8 22. Be7 Ra4 23. Qd1 Ra7 24. Bxe4 Bh3 25. Ncxb5 Rb7 26. Bg2 Bg4 27. f3
Bf5 28. e4 Bg6 29. Bh3 Ra8 30. Nd6 Nxd6 31. Bxd6 Ra6 32. Bxd7 Rxd6 33. Bc6 Rb8
34. Qd4 Rdd8 35. b4 Rbc8 36. b5 1-0

[Event "IV Open"]
[Site "Genova ITA"]
[Date "2000.08.15"]
[Round "11"]
[White "Siemes, Robert"]
[Black "Guido, Flavio"]
[Result "0-1"]
[WhiteElo "2106"]
[BlackElo "2303"]
[PlyCount "80"]
[EventDate "2000.08.07"]

1. e4 c5 2. Nf3 e6 3. d4 cxd4 4. Nxd4 Nf6 5. Nc3 d6 6. Bc4 a6 7. Qe2 b5 8. Bb3
Nbd7 9. Bxe6 fxe6 10. Nxe6 Qa5 11. Bd2 b4 12. Nd5 Nxd5 13. exd5 Ne5 14. f4 Bxe6
15. dxe6 Ng6 16. Qe4 d5 17. Qf5 Ra7 18. Qh5 Bc5 19. f5 O-O 20. fxg6 hxg6 21.
Qxg6 Rf6 22. Qd3 Rxe6+ 23. Kd1 Qd8 24. a3 bxa3 25. b4 Bb6 26. Rxa3 a5 27. Rf1
Re4 28. Rf5 Rd4 29. Qh3 Qd7 30. Raf3 Qc8 31. Rf8+ Qxf8 32. Rxf8+ Kxf8 33. Qc8+
Ke7 34. Kc1 axb4 35. Bg5+ Kd6 36. Qf8+ Kc6 37. Qe8+ Rd7 38. Qc8+ Rc7 39. Qe8+
Kb7 40. Be3 Re4 0-1

[Event "IV Open"]
[Site "Genova ITA"]
[Date "2000.08.15"]
[Round "11"]
[White "Wagner, Hans"]
[Black "Chilingirova, Pavlina"]
[Result "0-1"]
[WhiteElo "2037"]
[BlackElo "2269"]
[PlyCount "88"]
[EventDate "2000.08.07"]

1. f4 c5 2. Nf3 g6 3. g3 Bg7 4. Bg2 Nc6 5. O-O d6 6. d3 e6 7. c3 Nge7 8. e4 O-O
9. Qe2 f5 10. Na3 Rb8 11. Be3 b6 12. Rad1 h6 13. e5 dxe5 14. Nxe5 Nxe5 15. fxe5
Bb7 16. d4 cxd4 17. Bxd4 Bxg2 18. Qxg2 Qc8 19. Qe2 a6 20. Nc4 b5 21. Ne3 Nc6
22. Bc5 Re8 23. Bd6 Rb7 24. Ng2 Na5 25. Nf4 Kh7 26. Rf3 Qc4 27. b3 Qxe2 28.
Nxe2 Nc6 29. Re3 h5 30. Nf4 Bh6 31. c4 h4 32. Rf3 hxg3 33. hxg3 g5 34. cxb5
Rxb5 35. Rc3 gxf4 36. Rxc6 fxg3 37. Rxa6 f4 38. Kg2 Rc8 39. Kf3 Rc3+ 40. Kg2
Kg6 41. b4 Rc2+ 42. Kf3 Kf5 43. Rf1 Rc3+ 44. Kg2 Rd5 0-1